Eliminación del derecho de voto de los acreedores concursales vinculados como mecanismo de protección del crédito

Presenta un análisis sobre la eliminación del derecho de voto de los acreedores concursales vinculados como mecanismo de protección del crédito.

Shranjeno v:
Bibliografske podrobnosti
Glavni avtor: Valverde Navarrete, Jose Manuel
Korporativna značnica: e-libro, Corp
Drugi avtorji: Ezcurra Rivero, Huascar (Director)
Format: eKnjiga
Jezik:španščina
Izdano: Lima : Pontificia Universidad Católica del Perú, 2010.
Teme:
Online dostop:https://elibro.unach.elogim.com/es/lc/unach/titulos/85763
Oznake: Označite
Brez oznak, prvi označite!

MARC

LEADER 00000nam a2200000 a 4500
001 ELB85763
003 FlNmELB
006 m o d |
007 cr cn|||||||||
008 201201r2010 pe |||||s|||||||||||spa d
024 8 |z 71207121510 
035 |a (MiAaPQ)EBC3201411 
035 |a (Au-PeEL)EBL3201411 
035 |a (CaPaEBR)ebr10592371 
035 |a (OCoLC)929376962 
040 |a FlNmELB  |b spa  |c FlNmELB 
050 4 |a K1  |b V2158 2010 
080 |a 34 
082 0 4 |a 340  |2 22 
100 1 |a Valverde Navarrete, Jose Manuel. 
245 1 0 |a Eliminación del derecho de voto de los acreedores concursales vinculados como mecanismo de protección del crédito  |h [recurso electronico]  |c José Manuel Valverde Navarrete. 
260 |a Lima :  |b Pontificia Universidad Católica del Perú,  |c 2010. 
300 |a 87 p. 
500 |a Tesis (maestría) - Pontificia Universidad Católica del Perú. 
520 |a Presenta un análisis sobre la eliminación del derecho de voto de los acreedores concursales vinculados como mecanismo de protección del crédito. 
533 |a Recurso electrónico. Santa Fe, Arg.: e-libro, 2015. Disponible vía World Wide Web. El acceso puede estar limitado para las bibliotecas afiliadas a e-libro. 
650 4 |a Law.  |x General. 
650 4 |a Derecho.  |x General. 
655 4 |a Libros electrónicos. 
700 1 |a Ezcurra Rivero, Huascar.  |4 drt 
710 2 |a e-libro, Corp. 
856 4 0 |u https://elibro.unach.elogim.com/es/lc/unach/titulos/85763